000
00252nam a22001097a 4500
003
OSt
008
231114b |||||||| |||| 00| 0 eng d
041
_a
mal
100
_a
Parameswaran Nair, M.
_9
5631
245
_a
Vazhipizhacha santhathikal /
942
_c
BK
999
_c
17858
_d
17858